[Event "BPB Limburg open A"]
[Site "Maastricht"]
[Date "2014.06.08"]
[Round "4"]
[White "Wilschut, Peter"]
[Black "Huesmann, Thomas"]
[Result "1/2-1/2"]
[WhiteElo "2258"]
[BlackElo "2191"]
[PlyCount "127"]
[EventDate "2014.06.06"]
[EventType "swiss"]
[EventRounds "7"]
[EventCountry "NED"]
[Source "P.Boonen"]
[SourceDate "2014.10.10"]

1. Nf3 f5 2. g3 Nf6 3. Bg2 g6 4. b4 Bg7 5. Bb2 O-O 6. c4 d6 7. d4 Ne4 8. O-O c5
9. Qb3 cxb4 10. Qxb4 Nc6 11. Qb3 Na5 12. Qc2 Bd7 13. Nbd2 Nxd2 14. Nxd2 Rc8 15.
Rac1 e6 16. Qd3 Bc6 17. Nb3 Bxg2 18. Kxg2 Nc6 19. Ba3 Re8 20. Rfd1 b6 21. f4 d5
22. c5 Qd7 23. e3 Bf8 24. Rc2 Qb7 25. Qb5 Nb8 26. Rdc1 Qd7 27. Qxd7 Nxd7 28.
Bb2 bxc5 29. dxc5 Rc6 30. Bd4 e5 31. fxe5 Nxe5 32. Bxe5 Rxe5 33. Nd4 Rc8 34. c6
Rxe3 35. c7 Bd6 36. Nb5 Bxc7 37. Nxa7 Ra8 38. Rxc7 Re2+ 39. Kh3 Rxa2 40. Nc6
Rd2 41. Rb1 g5 42. Ne7+ Kf7 43. Rb6 g4+ 44. Kh4 Rxh2+ 45. Kg5 h6+ 46. Kxf5 Rh5+
47. Kxg4 Rg5+ 48. Kh3 Rh5+ 49. Kg2 Ra2+ 50. Kg1 Ra1+ 51. Kf2 Ra2+ 52. Ke3 Re5+
53. Kd4 Rxe7 54. Rxe7+ Kxe7 55. Rxh6 Ra4+ 56. Ke5 Rg4 57. Rh7+ Kf8 58. Rh3 d4
59. Kf5 Rg7 60. g4 Rf7+ 61. Ke4 Kg7 62. Rh5 Kg6 63. Rd5 Rf8 64. Kxd4 1/2-1/2

[Event "BPB Limburg open A"]
[Site "Maastricht"]
[Date "2014.06.08"]
[Round "5"]
[White "Admiraal, Miguoel"]
[Black "Van Osch, Mees"]
[Result "1-0"]
[WhiteElo "2339"]
[BlackElo "2196"]
[PlyCount "45"]
[EventDate "2014.06.06"]
[EventType "swiss"]
[EventRounds "7"]
[EventCountry "NED"]
[Source "P.Boonen"]
[SourceDate "2014.10.10"]

1. d4 Nf6 2. Bg5 Ne4 3. Bf4 g5 4. Bc1 Bg7 5. f3 Nd6 6. c3 h6 7. e4 b6 8. Be3
Ba6 9. Bxa6 Nxa6 10. Qd3 Nb8 11. e5 Nb7 12. h4 gxh4 13. Rxh4 d6 14. e6 d5 15.
Qf5 fxe6 16. Qg6+ Kd7 17. Qxg7 Rg8 18. Qxh6 Rxg2 19. Rh2 Qg8 20. Rxg2 Qxg2 21.
Nd2 c5 22. Ne2 Nd6 23. Qxe6+ 1-0

[Event "BPB Limburg open A"]
[Site "Maastricht"]
[Date "2014.06.08"]
[Round "5"]
[White "Beeke, Bob"]
[Black "Van Foreest, Lucas"]
[Result "1-0"]
[WhiteElo "2255"]
[BlackElo "2190"]
[PlyCount "79"]
[EventDate "2014.06.06"]
[EventType "swiss"]
[EventRounds "7"]
[EventCountry "NED"]
[Source "P.Boonen"]
[SourceDate "2014.10.10"]

1. Nf3 Nf6 2. c4 g6 3. Nc3 Bg7 4. e4 d6 5. d4 O-O 6. Be2 e5 7. O-O Nc6 8. d5
Ne7 9. b4 Nh5 10. g3 a5 11. bxa5 Rxa5 12. Nd2 Nf6 13. Nb3 Ra8 14. c5 dxc5 15.
Nxc5 Ne8 16. a4 Nd6 17. Ba3 b6 18. Nb3 Bh3 19. Re1 Nec8 20. Bb4 Bd7 21. a5 bxa5
22. Rxa5 Rxa5 23. Nxa5 f5 24. Bf3 Qf6 25. Rf1 Rf7 26. Bg2 Bf8 27. exf5 gxf5 28.
Nc6 Ne7 29. Na4 f4 30. Nd8 f3 31. Bh1 Bxa4 32. Qxa4 Nxd5 33. Nxf7 Nxf7 34. Bxf8
Nc3 35. Qg4+ Kxf8 36. Qb4+ Kg7 37. Qxc3 Ng5 38. h4 Nh3+ 39. Kh2 Ng1 40. Kxg1
1-0

[Event "BPB Limburg open A"]
[Site "Maastricht"]
[Date "2014.06.08"]
[Round "5"]
[White "Beerdsen, Thomas"]
[Black "Lentjes, Noud"]
[Result "1-0"]
[WhiteElo "2205"]
[BlackElo "2054"]
[PlyCount "49"]
[EventDate "2014.06.06"]
[EventType "swiss"]
[EventRounds "7"]
[EventCountry "NED"]
[Source "P.Boonen"]
[SourceDate "2014.10.10"]

1. e4 e6 2. d4 d5 3. Nd2 dxe4 4. Nxe4 Nf6 5. Nxf6+ Qxf6 6. Nf3 h6 7. Be3 Bd6 8.
Qd2 b6 9. O-O-O O-O 10. Bd3 Bb7 11. Ng5 Rd8 12. Ne4 Qh4 13. g3 Qh5 14. g4 Qa5
15. c3 Be7 16. Rhg1 c5 17. g5 cxd4 18. Bxd4 hxg5 19. Nxg5 e5 20. Ne6 fxe6 21.
Qh6 Bf8 22. Qxe6+ Kh8 23. Qh3+ Kg8 24. Bg6 Rxd4 25. Qh7# 1-0

[Event "BPB Limburg open A"]
[Site "Maastricht"]
[Date "2014.06.08"]
[Round "5"]
[White "Bekker, Stefan"]
[Black "Sadikhov, Ulvi"]
[Result "1/2-1/2"]
[WhiteElo "2223"]
[BlackElo "2337"]
[PlyCount "108"]
[EventDate "2014.06.06"]
[EventType "swiss"]
[EventRounds "7"]
[EventCountry "NED"]
[Source "P.Boonen"]
[SourceDate "2014.10.10"]

1. c4 g6 2. Nc3 Bg7 3. d4 d6 4. e4 Nd7 5. Nf3 e5 6. d5 Ngf6 7. h3 O-O 8. g4 Nc5
9. Qc2 a5 10. Be3 b6 11. Be2 Bd7 12. Nd2 Ne8 13. O-O-O f5 14. g5 f4 15. Bxc5
dxc5 16. h4 Nd6 17. f3 Kf7 18. Bf1 Qc8 19. Nb5 Ne8 20. Nb1 h6 21. gxh6 Bxh6 22.
h5 g5 23. Qc3 Kf6 24. Kc2 Nd6 25. Rd2 Rg8 26. Rf2 Nf7 27. Nd2 Ke7 28. Rfh2 Kf6
29. Bh3 Bxh3 30. Rxh3 Qd7 31. R3h2 g4 32. fxg4 Rxg4 33. Nf3 Rg3 34. Rf2 Rag8
35. Rhh2 Rh3 36. Rxh3 Qxh3 37. Nxc7 a4 38. a3 Rg2 39. Rxg2 Qxg2+ 40. Kb1 Qh1+
41. Ka2 Qxh5 42. Nb5 Bf8 43. Qd3 Nd6 44. Nxd6 Bxd6 45. Qf1 Qh7 46. Qe2 Qh3 47.
b3 Qh1 48. bxa4 Qc1 49. Ne1 Qc3 50. Nf3 Ke7 51. Nd2 Qc2+ 52. Ka1 Kd8 53. Qg2
Qc1+ 54. Ka2 Qc2+ 1/2-1/2

[Event "BPB Limburg open A"]
[Site "Maastricht"]
[Date "2014.06.08"]
[Round "5"]
[White "Berg, Emanuel"]
[Black "Weller, Manuel"]
[Result "1-0"]
[WhiteElo "2547"]
[BlackElo "2200"]
[PlyCount "85"]
[EventDate "2014.06.06"]
[EventType "swiss"]
[EventRounds "7"]
[EventCountry "NED"]
[Source "P.Boonen"]
[SourceDate "2014.10.10"]

1. e4 c5 2. Nf3 d6 3. d4 cxd4 4. Nxd4 Nf6 5. Nc3 a6 6. Bg5 e6 7. f4 Qc7 8. Bxf6
gxf6 9. Qd2 Nc6 10. O-O-O Bd7 11. Bc4 O-O-O 12. Bb3 Be7 13. Kb1 Nxd4 14. Qxd4
Qc5 15. Qd3 Kb8 16. Qh3 h5 17. Rhe1 h4 18. f5 Qe5 19. Ne2 Bc6 20. fxe6 Bxe4 21.
Nc3 f5 22. exf7 Bf6 23. Bd5 Rc8 24. Bxe4 fxe4 25. Rxe4 Qh5 26. Qf3 Qxf3 27.
gxf3 Rhf8 28. Nd5 Rxf7 29. f4 Rg8 30. Re6 Bd4 31. a4 Rg1 32. Rxg1 Bxg1 33. h3
Rg7 34. Re8+ Ka7 35. f5 Rg3 36. f6 Rf3 37. a5 Rf5 38. c4 Bd4 39. b4 Rf2 40. b5
axb5 41. Nc7 Rb2+ 42. Kc1 b6 43. a6 1-0

[Event "BPB Limburg open A"]
[Site "Maastricht"]
[Date "2014.06.08"]
[Round "5"]
[White "Bezemer, Arno"]
[Black "Cioara, Andrei Nestor"]
[Result "0-1"]
[WhiteElo "2324"]
[BlackElo "2438"]
[PlyCount "90"]
[EventDate "2014.06.06"]
[EventType "swiss"]
[EventRounds "7"]
[EventCountry "NED"]
[Source "P.Boonen"]
[SourceDate "2014.10.10"]

1. d4 e6 2. e4 d5 3. Nd2 Nf6 4. e5 Nfd7 5. Bd3 c5 6. c3 Nc6 7. Ngf3 Be7 8. O-O
a5 9. a3 a4 10. Re1 cxd4 11. cxd4 Nb6 12. Nb1 Bd7 13. Nc3 Na5 14. Bc2 Nac4 15.
Rb1 Bc6 16. Re2 Qd7 17. Ne1 Nc8 18. Nd3 b5 19. Re1 h5 20. Qf3 Qa7 21. Ne2 Qa5
22. Rd1 N8b6 23. Qg3 g6 24. Nc5 O-O-O 25. Bg5 Qa7 26. Nf4 h4 27. Qg4 Nxe5 28.
dxe5 Bxc5 29. Bxd8 Kxd8 30. Nd3 Be7 31. Qd4 Qc7 32. h3 Nc4 33. Re1 Qb6 34. Qf4
Ke8 35. Nb4 Bb7 36. Bd3 Rh5 37. Re2 Bc5 38. Rd1 Qc7 39. Rde1 f5 40. Kh1 g5 41.
Qc1 Qg7 42. Qc2 g4 43. hxg4 Qxg4 44. Kh2 Qf4+ 45. Kh1 h3 0-1

[Event "BPB Limburg open A"]
[Site "Maastricht"]
[Date "2014.06.08"]
[Round "5"]
[White "Bons, Jasper"]
[Black "Harff, Wilfried"]
[Result "1/2-1/2"]
[WhiteElo "2072"]
[BlackElo "2149"]
[PlyCount "104"]
[EventDate "2014.06.06"]
[EventType "swiss"]
[EventRounds "7"]
[EventCountry "NED"]
[Source "P.Boonen"]
[SourceDate "2014.10.10"]

1. e4 c5 2. Nc3 e6 3. Nf3 a6 4. d4 cxd4 5. Nxd4 b5 6. Bd3 Bb7 7. O-O Bc5 8. Nb3
Bb4 9. a4 Bxc3 10. bxc3 bxa4 11. Rxa4 Bc6 12. Ra2 d6 13. Na5 Nf6 14. Qe2 O-O
15. Bg5 h6 16. Bh4 g5 17. Bg3 e5 18. h4 Qc7 19. Rfa1 Bd7 20. hxg5 hxg5 21. Nc4
Be6 22. Ra5 Nbd7 23. Ne3 Qxc3 24. Nd1 Qb4 25. R1a4 Qb7 26. Qe3 Nh7 27. Rxa6 Nc5
28. Rxa8 Rxa8 29. Rxa8+ Qxa8 30. f3 Qa1 31. Be2 Kg7 32. Qc3 Qa7 33. Bf2 Qc7 34.
Nb2 Nf8 35. Na4 Nfd7 36. Bb5 Qb7 37. Nxc5 Nxc5 38. Bxc5 Qxb5 39. Bxd6 f6 40.
Qc7+ Qd7 41. Qxd7+ Bxd7 42. c4 Kf7 43. Kf2 Ke6 44. Bc7 Ke7 45. Ke3 Ba4 46. Ba5
Kd7 47. Bb4 Bb3 48. Kd3 Bd1 49. Bf8 g4 50. Ke3 gxf3 51. gxf3 Bb3 52. c5 Ba4
1/2-1/2

[Event "BPB Limburg open A"]
[Site "Maastricht"]
[Date "2014.06.08"]
[Round "5"]
[White "Carmeille, Ludovic"]
[Black "Van den Doel, Erik"]
[Result "0-1"]
[WhiteElo "2321"]
[BlackElo "2553"]
[PlyCount "106"]
[EventDate "2014.06.06"]
[EventType "swiss"]
[EventRounds "7"]
[EventCountry "NED"]
[Source "P.Boonen"]
[SourceDate "2014.10.10"]

1. e4 e5 2. Bc4 Nf6 3. d3 Bc5 4. Nf3 d6 5. c3 Bb6 6. Be3 Nc6 7. Nbd2 O-O 8. O-O
h6 9. Bb3 Ne7 10. h3 Ng6 11. Nc4 Re8 12. Re1 Be6 13. Bxb6 axb6 14. d4 exd4 15.
cxd4 d5 16. exd5 Bxd5 17. Nce5 Nf4 18. Ba4 Bxf3 19. Qxf3 Rxa4 20. Qxf4 Rxd4 21.
Qf3 Qd5 22. Qxd5 Nxd5 23. Nf3 Rde4 24. Red1 c6 25. Kf1 Kf8 26. Rd2 b5 27. a3
Nb6 28. Rad1 b4 29. Rd3 Nc4 30. Rb3 bxa3 31. bxa3 b5 32. g3 Kg8 33. Rc3 Ra8 34.
Rdd3 Re6 35. Nd2 Nb6 36. Rc2 Kf8 37. Rdc3 Rc8 38. Nf3 Na4 39. Rb3 Rd8 40. Rb4
Rde8 41. Kg2 Rd6 42. Rd4 Red8 43. Rb4 Re8 44. Rd4 Ree6 45. Rb4 Ke7 46. Nd4 Rf6
47. Nb3 Rd5 48. Re4+ Kd7 49. Re3 c5 50. Nd2 Re6 51. Ne4 c4 52. Kf3 Rc6 53. g4
g6 {.....} 0-1

[Event "BPB Limburg open A"]
[Site "Maastricht"]
[Date "2014.06.08"]
[Round "5"]
[White "Commercon, Simon"]
[Black "Wilschut, Peter"]
[Result "0-1"]
[WhiteElo "2219"]
[BlackElo "2258"]
[PlyCount "84"]
[EventDate "2014.06.06"]
[EventType "swiss"]
[EventRounds "7"]
[EventCountry "NED"]
[Source "P.Boonen"]
[SourceDate "2014.10.10"]

1. d4 d5 2. c4 c6 3. Nf3 Nf6 4. Nc3 a6 5. c5 g6 6. h3 Bg7 7. Bf4 Bf5 8. Qb3 Qc8
9. e3 Nbd7 10. Be2 O-O 11. g4 Be4 12. Rg1 Bxf3 13. Bxf3 e5 14. Bg3 exd4 15.
exd4 Re8+ 16. Kf1 Ne4 17. Rd1 Nxg3+ 18. Rxg3 Qc7 19. Qc2 Nf8 20. b4 Ne6 21. Ne2
Qe7 22. Bg2 Nxd4 23. Nxd4 Bxd4 24. Qd3 Bg7 25. Re3 Qd7 26. Rde1 Re6 27. a4 Rae8
28. b5 axb5 29. axb5 Qe7 30. bxc6 bxc6 31. Qa6 Qxc5 32. Rxe6 fxe6 33. Kg1 e5
34. Qb7 e4 35. Qd7 Rf8 36. Qe6+ Kh8 37. Kh1 Rxf2 38. Rb1 Rf8 39. Qd7 Qc2 40.
Rf1 Rxf1+ 41. Bxf1 h6 42. h4 Qf2 0-1

[Event "BPB Limburg open A"]
[Site "Maastricht"]
[Date "2014.06.08"]
[Round "5"]
[White "Dardha, Arben"]
[Black "Schleipfenbauer, Frank"]
[Result "1-0"]
[WhiteElo "2284"]
[BlackElo "2134"]
[PlyCount "95"]
[EventDate "2014.06.06"]
[EventType "swiss"]
[EventRounds "7"]
[EventCountry "NED"]
[Source "P.Boonen"]
[SourceDate "2014.10.10"]

1. e4 c5 2. Nf3 e6 3. d4 cxd4 4. Nxd4 a6 5. Nc3 Qc7 6. Be2 Nf6 7. O-O Be7 8. f4
d6 9. Kh1 O-O 10. a4 Nc6 11. Be3 Bd7 12. Qe1 d5 13. e5 Ne4 14. Nxe4 dxe4 15. c3
Na5 16. Bd1 f6 17. exf6 Rxf6 18. Bc2 e5 19. fxe5 Qxe5 20. Qe2 Raf8 21. Rxf6
Bxf6 22. Bf2 Re8 23. Re1 Qf4 24. Bg3 Qg5 25. Bxe4 Bxd4 26. cxd4 b5 27. Qf3 h6
28. Rf1 Qe7 29. Bd5+ Kh8 30. b3 bxa4 31. bxa4 Bxa4 32. Be5 Bb5 33. Qf4 Qg5 34.
Qf8+ Rxf8 35. Rxf8+ Kh7 36. Be4+ Qg6 37. Bxg6+ Kxg6 38. Rg8 Nc4 39. Rxg7+ Kf5
40. Re7 a5 41. Bg7 a4 42. d5 h5 43. Kg1 a3 44. Rb7 Be8 45. Ra7 Bg6 46. Bf8 Ke5
47. d6 Nxd6 48. Bxd6+ 1-0

[Event "BPB Limburg open A"]
[Site "Maastricht"]
[Date "2014.06.08"]
[Round "5"]
[White "Dek, Lennart"]
[Black "Coenen, Eduard"]
[Result "1/2-1/2"]
[WhiteElo "2256"]
[BlackElo "2093"]
[PlyCount "39"]
[EventDate "2014.06.06"]
[EventType "swiss"]
[EventRounds "7"]
[EventCountry "NED"]
[Source "P.Boonen"]
[SourceDate "2014.10.10"]

1. e4 g6 2. d4 Bg7 3. Be3 d6 4. Nc3 a6 5. f4 b5 6. Nf3 Bb7 7. Bd3 Nf6 8. e5 Nd5
9. Nxd5 Bxd5 10. O-O Nd7 11. a4 b4 12. c4 bxc3 13. bxc3 O-O 14. Qe2 a5 15. Bf2
Rb8 16. Bh4 Re8 17. Nd2 Rb2 18. Rfb1 Rxb1+ 19. Rxb1 Nb6 20. Bc4 {.....} 1/2-1/2

[Event "BPB Limburg open A"]
[Site "Maastricht"]
[Date "2014.06.08"]
[Round "5"]
[White "Dijkhuis, Tycho"]
[Black "Dambacher, Martijn"]
[Result "0-1"]
[WhiteElo "2271"]
[BlackElo "2491"]
[PlyCount "66"]
[EventDate "2014.06.06"]
[EventType "swiss"]
[EventRounds "7"]
[EventCountry "NED"]
[Source "P.Boonen"]
[SourceDate "2014.10.10"]

1. e4 e5 2. Nf3 Nc6 3. Bb5 g6 4. O-O Bg7 5. c3 a6 6. Ba4 Nge7 7. d4 exd4 8.
cxd4 b5 9. d5 Na5 10. Bc2 d6 11. Bd2 Bxb2 12. Bxa5 Bxa1 13. Nc3 Bb2 14. e5 O-O
15. Ne4 Bb7 16. Qd2 Bxe5 17. Nxe5 dxe5 18. Rd1 Nxd5 19. Qh6 f5 20. Nc5 Qe7 21.
Nxb7 c6 22. Nd8 Raxd8 23. Bxd8 Rxd8 24. Bb3 a5 25. a4 bxa4 26. Bxa4 Nf4 27.
Bb3+ Kh8 28. Rxd8+ Qxd8 29. g3 Nd5 30. h4 Nf6 31. Qe3 Qd4 32. Qg5 Kg7 33. h5
Qxf2+ 0-1

[Event "BPB Limburg open A"]
[Site "Maastricht"]
[Date "2014.06.08"]
[Round "5"]
[White "Driessens, Patrick"]
[Black "Broekmeulen, Jasper"]
[Result "1-0"]
[WhiteElo "2306"]
[BlackElo "2432"]
[PlyCount "89"]
[EventDate "2014.06.06"]
[EventType "swiss"]
[EventRounds "7"]
[EventCountry "NED"]
[Source "P.Boonen"]
[SourceDate "2014.10.10"]

1. d4 Nf6 2. c4 b6 3. Nc3 Bb7 4. Qc2 d5 5. cxd5 Nxd5 6. Nf3 Nxc3 7. bxc3 g6 8.
e4 Bg7 9. Bg5 O-O 10. Rd1 Nd7 11. Be2 Qe8 12. O-O e5 13. dxe5 Nxe5 14. Nd4 a6
15. f4 Nd7 16. e5 c5 17. Nf3 f6 18. Bc4+ Kh8 19. exf6 Nxf6 20. Rfe1 Qc8 21. Ne5
b5 22. Nf7+ Rxf7 23. Bxf7 c4 24. Bxf6 Bxf6 25. Re8+ Qxe8 26. Bxe8 Rxe8 27. Qd2
Kg7 28. a3 h5 29. h3 h4 30. Qd7+ Re7 31. Qg4 Be4 32. Rd7 Bf5 33. Rxe7+ Bxe7 34.
Qf3 Bxa3 35. Qb7+ Kh6 36. Qxa6 Bb2 37. Qxb5 Bxc3 38. Qxc4 Bg7 39. Kf2 Bf6 40.
Kf3 Kg7 41. Qc7+ Kg8 42. Qb7 Kf8 43. Qh7 Be7 44. g4 hxg3 45. Kxg3 1-0

[Event "BPB Limburg open A"]
[Site "Maastricht"]
[Date "2014.06.08"]
[Round "5"]
[White "Ducarmon, Quinten"]
[Black "Senders, Mischa"]
[Result "1-0"]
[WhiteElo "2483"]
[BlackElo "2159"]
[PlyCount "61"]
[EventDate "2014.06.06"]
[EventType "swiss"]
[EventRounds "7"]
[EventCountry "NED"]
[Source "P.Boonen"]
[SourceDate "2014.10.10"]

1. e4 c5 2. Nf3 d6 3. Bb5+ Bd7 4. Bxd7+ Qxd7 5. O-O Nc6 6. c3 Nf6 7. d4 Nxe4 8.
d5 Ne5 9. Nxe5 dxe5 10. Re1 Nf6 11. Rxe5 O-O-O 12. c4 e6 13. Bg5 Bd6 14. Bxf6
gxf6 15. Rh5 Be5 16. Nc3 f5 17. Qf3 Bxc3 18. bxc3 Qa4 19. Qe2 Qa6 20. dxe6 fxe6
21. Re1 h6 22. g3 Rde8 23. Rd1 Qc6 24. Qe3 Qa4 25. Qxc5+ Kb8 26. Rd2 Ka8 27.
Rh4 e5 28. Qb5 Qa3 29. Rd7 Rb8 30. c5 Qxc3 31. Ra4 1-0

[Event "BPB Limburg open A"]
[Site "Maastricht"]
[Date "2014.06.08"]
[Round "5"]
[White "Ernst, Sipke"]
[Black "Jeitz, Christian"]
[Result "1-0"]
[WhiteElo "2567"]
[BlackElo "2169"]
[PlyCount "81"]
[EventDate "2014.06.06"]
[EventType "swiss"]
[EventRounds "7"]
[EventCountry "NED"]
[Source "P.Boonen"]
[SourceDate "2014.10.10"]

1. d4 Nf6 2. Nf3 g6 3. c4 Bg7 4. Nc3 d5 5. cxd5 Nxd5 6. e4 Nxc3 7. bxc3 c5 8.
Be3 Qa5 9. Bd2 O-O 10. Be2 Bg4 11. O-O e6 12. Re1 Nc6 13. d5 exd5 14. exd5 Bxf3
15. gxf3 Ne7 16. c4 Qc7 17. Bd3 Qd7 18. Rb1 b6 19. Bc2 Nf5 20. Bxf5 Qxf5 21.
Re4 Rab8 22. Qe2 h6 23. Kg2 Kh7 24. Rd1 a6 25. Be3 Rfd8 26. d6 Bf8 27. Bf4 Rb7
28. Rd5 Qc8 29. h4 Qc6 30. h5 g5 31. Qd3 Kh8 32. Be5+ Kg8 33. f4 f5 34. Re2 Rf7
35. Kg1 Qd7 36. f3 Re8 37. Rg2 Qd8 38. d7 Rxe5 39. fxe5 Be7 40. e6 Rf8 41. Rxf5
1-0

[Event "BPB Limburg open A"]
[Site "Maastricht"]
[Date "2014.06.08"]
[Round "5"]
[White "Esser, Norbert"]
[Black "Kampman, Tijmen"]
[Result "1/2-1/2"]
[WhiteElo "2175"]
[BlackElo "2091"]
[PlyCount "71"]
[EventDate "2014.06.06"]
[EventType "swiss"]
[EventRounds "7"]
[EventCountry "NED"]
[Source "P.Boonen"]
[SourceDate "2014.10.10"]

1. e4 e6 2. d4 d5 3. Nc3 Nc6 4. Nf3 Nf6 5. exd5 exd5 6. Bb5 a6 7. Bxc6+ bxc6 8.
O-O Be7 9. Ne5 Bb7 10. Bg5 O-O 11. Na4 Re8 12. Re1 h6 13. Bh4 g5 14. Bg3 Ne4
15. Qh5 Rf8 16. Qxh6 Bf6 17. f3 Nxg3 18. hxg3 Qd6 19. Ng4 Bxd4+ 20. Kh2 Qxh6+
21. Nxh6+ Kh7 22. Nf5 Bf6 23. c3 Rae8 24. g4 Bc8 25. Nd4 Be5+ 26. g3 Bd6 27. b4
Kg6 28. Kg2 f5 29. gxf5+ Bxf5 30. Nc5 g4 31. Nxf5 gxf3+ 32. Kxf3 Rxf5+ 33. Kg2
Rfe5 34. Rxe5 Rxe5 35. Rf1 Re3 36. Rf3 1/2-1/2

[Event "BPB Limburg open A"]
[Site "Maastricht"]
[Date "2014.06.08"]
[Round "5"]
[White "Gijsen, Stief"]
[Black "Bus, Tom"]
[Result "1-0"]
[WhiteElo "2156"]
[BlackElo "2129"]
[PlyCount "95"]
[EventDate "2014.06.06"]
[EventType "swiss"]
[EventRounds "7"]
[EventCountry "NED"]
[Source "P.Boonen"]
[SourceDate "2014.10.10"]

1. d4 Nf6 2. c4 c5 3. d5 b5 4. cxb5 a6 5. bxa6 g6 6. Nc3 Bxa6 7. e4 Bxf1 8.
Kxf1 d6 9. Nf3 Nbd7 10. g3 Bg7 11. Kg2 O-O 12. a4 Qa5 13. Qc2 Rfb8 14. Bd2 Qb4
15. Rhb1 Qb3 16. Qd3 Ng4 17. Ra3 Nde5 18. Nxe5 Nxe5 19. Rxb3 Nxd3 20. Rxb8+
Rxb8 21. b3 Bd4 22. f4 f5 23. exf5 gxf5 24. Kf3 Nb4 25. Nb5 Nxd5 26. b4 Kf7 27.
Ke2 Rxb5 28. axb5 c4 29. Be1 e5 30. Rc1 Nb6 31. fxe5 dxe5 32. Rc2 Ke7 33. Ra2
Nd5 34. Ra6 c3 35. Rc6 Nxb4 36. Rxc3 Bxc3 37. Bxc3 Na2 38. Bxe5 Kd7 39. Ke3 Nb4
40. Kd4 Ke6 41. Bf4 h5 42. Kc5 Nd3+ 43. Kc6 Nb4+ 44. Kc7 Nd5+ 45. Kd8 h4 46.
Bc7 h3 47. b6 Nb4 48. b7 1-0

[Event "BPB Limburg open A"]
[Site "Maastricht"]
[Date "2014.06.08"]
[Round "5"]
[White "Goudriaan, Etienne"]
[Black "Blom, Vincent"]
[Result "1-0"]
[WhiteElo "2408"]
[BlackElo "2213"]
[PlyCount "89"]
[EventDate "2014.06.06"]
[EventType "swiss"]
[EventRounds "7"]
[EventCountry "NED"]
[Source "P.Boonen"]
[SourceDate "2014.10.10"]

1. d4 d6 2. e4 Nf6 3. Nc3 g6 4. Be3 Bg7 5. f3 O-O 6. Qd2 e5 7. d5 Ne8 8. g4 f5
9. gxf5 gxf5 10. exf5 Qh4+ 11. Bf2 Qh6 12. Be3 Qh4+ 13. Bf2 Qh6 14. h4 Qxd2+
15. Kxd2 Bh6+ 16. Be3 Bxe3+ 17. Kxe3 Bxf5 18. Bh3 Nd7 19. Bxf5 Rxf5 20. Nh3 h6
21. Rag1+ Kh7 22. a4 a6 23. b3 Ng7 24. Ne4 Raf8 25. Nd2 Nh5 26. Nf2 Nf4 27. c4
Ng6 28. Rh2 Nf4 29. Nfe4 Rg8 30. Rg4 Rf7 31. Rxg8 Kxg8 32. Nf1 b5 33. a5 b4 34.
Nfg3 Nf8 35. Nf2 Rg7 36. Nfe4 Rf7 37. h5 Nd7 38. Ne2 Nxe2 39. Rxe2 Rf5 40. Ra2
Nc5 41. Nxc5 dxc5 42. Rg2+ Kh7 43. Rg6 Rxh5 44. Rxa6 Rg5 45. Rc6 1-0

[Event "BPB Limburg open A"]
[Site "Maastricht"]
[Date "2014.06.08"]
[Round "5"]
[White "Hansen, Victor"]
[Black "Surewaard, Wilbert"]
[Result "1/2-1/2"]
[WhiteElo "2121"]
[BlackElo "2116"]
[PlyCount "104"]
[EventDate "2014.06.06"]
[EventType "swiss"]
[EventRounds "7"]
[EventCountry "NED"]
[Source "P.Boonen"]
[SourceDate "2014.10.10"]

1. d4 Nf6 2. c4 e5 3. dxe5 Ng4 4. Bf4 Nc6 5. Nf3 Bb4+ 6. Nbd2 Qe7 7. e3 Ngxe5
8. Nxe5 Nxe5 9. a3 Bxd2+ 10. Qxd2 d6 11. Be2 b6 12. Bxe5 Qxe5 13. Bf3 Rb8 14.
Bc6+ Kf8 15. O-O Be6 16. Rac1 h5 17. f4 Qf6 18. e4 Rd8 19. b4 h4 20. Qc3 Qxc3
21. Rxc3 Ke7 22. Rfc1 g5 23. fxg5 Rhg8 24. Bd5 Rxg5 25. Bxe6 fxe6 26. Rf3 Rdg8
27. Rc2 Rg4 28. Re2 e5 29. Rf5 Ke6 30. Rh5 R8g7 31. Rh6+ Kd7 32. c5 Rf4 33.
cxd6 Rgf7 34. g3 hxg3 35. hxg3 Rf3 36. Kh2 c5 37. bxc5 bxc5 38. Rb2 Rf2+ 39.
Rxf2 Rxf2+ 40. Kh3 c4 41. Rh7+ Kxd6 42. Rxa7 Kc5 43. g4 c3 44. Rc7+ Kd4 45. g5
c2 46. g6 Rf3+ 47. Kg2 Rc3 48. Rxc3 Kxc3 49. g7 c1=Q 50. g8=Q Qc2+ 51. Kf3 Qd3+
52. Kf2 Qd4+ 1/2-1/2

[Event "BPB Limburg open A"]
[Site "Maastricht"]
[Date "2014.06.08"]
[Round "5"]
[White "Helmer, Christoph"]
[Black "Van de Perre, Tom"]
[Result "0-1"]
[WhiteElo "2069"]
[BlackElo "2121"]
[PlyCount "34"]
[EventDate "2014.06.06"]
[EventType "swiss"]
[EventRounds "7"]
[EventCountry "NED"]
[Source "P.Boonen"]
[SourceDate "2014.10.10"]

1. d4 Nf6 2. Nf3 d5 3. c4 c6 4. Nc3 dxc4 5. a4 Bf5 6. Ne5 Na6 7. f3 Nd7 8. Nxc4
e5 9. e4 exd4 10. exf5 dxc3 11. Qe2+ Be7 12. Nd6+ Kf8 13. Nxb7 Qb6 14. Qxa6
cxb2 15. Rb1 bxc1=Q+ 16. Rxc1 Qb4+ 17. Kf2 Nb8 0-1

[Event "BPB Limburg open A"]
[Site "Maastricht"]
[Date "2014.06.08"]
[Round "5"]
[White "Hovhanisian, Mher"]
[Black "Van der Heijden, Alan"]
[Result "1-0"]
[WhiteElo "2520"]
[BlackElo "2269"]
[PlyCount "71"]
[EventDate "2014.06.06"]
[EventType "swiss"]
[EventRounds "7"]
[EventCountry "NED"]
[Source "P.Boonen"]
[SourceDate "2014.10.10"]

1. e4 g6 2. d4 Bg7 3. Nc3 c6 4. Nf3 d6 5. Bc4 e6 6. O-O Ne7 7. Bf4 O-O 8. Qd2
b5 9. Bd3 b4 10. Ne2 c5 11. Bh6 Bb7 12. Ng3 Nd7 13. h4 Rc8 14. b3 e5 15. dxe5
Nxe5 16. Nxe5 dxe5 17. Bxg7 Kxg7 18. h5 Qd6 19. Qg5 Rcd8 20. Rad1 h6 21. Qc1 g5
22. Bc4 Qf6 23. Qe3 Rd4 24. Ne2 Rxe4 25. Qxc5 Nf5 26. Ng3 Rf4 27. Rfe1 Nd4 28.
Qxe5 Nxc2 29. Qxf6+ Rxf6 30. Re7 Bc6 31. Rxa7 Re8 32. Bxf7 Rxf7 33. Nf5+ Kf8
34. Rxf7+ Kxf7 35. Nd6+ Ke7 36. Nxe8 1-0

[Event "BPB Limburg open A"]
[Site "Maastricht"]
[Date "2014.06.08"]
[Round "5"]
[White "Huesmann, Thomas"]
[Black "Van Meegen, Ruud"]
[Result "0-1"]
[WhiteElo "2191"]
[BlackElo "2026"]
[PlyCount "88"]
[EventDate "2014.06.06"]
[EventType "swiss"]
[EventRounds "7"]
[EventCountry "NED"]
[Source "P.Boonen"]
[SourceDate "2014.10.10"]

1. e4 c5 2. c3 d5 3. d3 g6 4. Nd2 Bg7 5. f4 Nc6 6. Ngf3 Nh6 7. Be2 dxe4 8. dxe4
e5 9. fxe5 Ng4 10. Nc4 Qxd1+ 11. Bxd1 O-O 12. Bf4 b5 13. Ne3 Ngxe5 14. Be2 b4
15. Nxe5 Bxe5 16. Bxe5 Nxe5 17. O-O-O bxc3 18. bxc3 Be6 19. Nd5 Rab8 20. Rd2
Kg7 21. Rhd1 Rb7 22. Nf4 Rfb8 23. Nxe6+ fxe6 24. Rc2 Rb1+ 25. Kd2 Rd8+ 26. Ke1
Rdxd1+ 27. Bxd1 Nc4 28. e5 g5 29. h3 h5 30. Re2 Nb2 31. Rd2 g4 32. hxg4 hxg4
33. Ke2 Nxd1 34. Rd7+ Kg6 35. Kd2 Nf2 36. Rxa7 Ne4+ 37. Kd3 Kf5 38. a4 Rb2 39.
a5 Rxg2 40. a6 Ra2 41. Ra8 Kxe5 42. a7 g3 43. Ke3 g2 44. Rg8 Rxa7 0-1

[Event "BPB Limburg open A"]
[Site "Maastricht"]
[Date "2014.06.08"]
[Round "5"]
[White "Jablonowski, Christoph"]
[Black "Scholzen, Wolfgang"]
[Result "1/2-1/2"]
[WhiteElo "2010"]
[BlackElo "2120"]
[PlyCount "21"]
[EventDate "2014.06.06"]
[EventType "swiss"]
[EventRounds "7"]
[EventCountry "NED"]
[Source "P.Boonen"]
[SourceDate "2014.10.10"]

1. d4 Nf6 2. Nf3 g6 3. c4 Bg7 4. Nc3 O-O 5. e4 d6 6. Be2 e5 7. dxe5 dxe5 8.
Qxd8 Rxd8 9. Bg5 c6 10. O-O h6 11. Bxf6 1/2-1/2